000 00417pab a2200145 454500
008 180718b1986 xxu||||| |||| 00| 0 eng d
100 _aBasu, Alaka Malwade
245 _aBirth control by assetless workers in Kerala
_bThe possibility of a poverty induced fertility transition
260 _c1986
300 _a165-82
362 _aApril
650 _aBirth Control
773 _aDevelopment and Change
909 _a4456
999 _c4456
_d4456